000 00217nam a22001097a 4500
041 _aeng
080 _a80
100 _aWeidenfeld, W.
245 _aHandbuch zur Deutschen Einheit.
650 _aGerman
999 _c277786
_d277786
942 _cBK